Modern Seven Seas Quiz - Statistics

General Stats
  • This quiz has been taken 13 times
  • The average score is 4 of 7
Answer Stats
Seas % Correct
Indian Ocean
92%
Arctic Ocean
67%
North Atlantic Ocean
50%
North Pacific Ocean
50%
South Atlantic Ocean
50%
Southern/Antarctic Ocean
50%
South Pacific Ocean
50%
No matching quizzes found
Score Distribution
Percent of People with Each Score
Percentile by Number Answered
Your Score History
You have not taken this quiz